| 000 | 00582nam a2200181Ia 4500 | ||
|---|---|---|---|
| 008 | 090630s9999 xx 000 0 und d | ||
| 082 | _b27567 | ||
| 100 | _aजोशी वसंत वि. | ||
| 245 |
_aरेशीम गाठी. _cजोशी वसंत वि. |
||
| 260 |
_bकौशिक - सातारा. _c1994 |
||
| 300 | _a58 | ||
| 600 | _aजोशी वसंत वि. | ||
| 630 | _aरेशीम गाठी. | ||
| 655 | _aइतर. | ||
| 700 | _aजोशी वसंत वि. | ||
| 730 | _aरेशीम गाठी. | ||
| 942 | _cBOOK | ||
| 999 |
_c279423 _d279423 |
||